00391pab a2200133 454500008004000000100002000040245006200060260000900122300001300131362000800144650003600152650001400188773005500202180718b1996 xxu||||| |||| 00| 0 eng d aAcharya, Sarthi aAccess and returns to education: analysis for Maharashtra c1996 ap.383-96 aOct aEducation - India - Maharashtra aEducation aJournal of Educational Planning and Administration